Modern-day Countries by their Former Colonial Names - Statistics

General Stats
  • This quiz has been taken 1,473 times
  • The average score is 17 of 24
Answer Stats
Colonial Name Current Name % Correct
British Burma Myanmar
93%
Dutch East Indies Indonesia
90%
French Indochina Vietnam / Laos / Cambodia
89%
British Cape Colony South Africa
87%
British Ceylon Sri Lanka
87%
Dutch Guiana Suriname
86%
British Honduras Belize
83%
German Southwest Africa Namibia
82%
Southern Rhodesia Zimbabwe
82%
British East Africa Kenya
80%
Gold Coast Ghana
78%
Portuguese East Africa Mozambique
78%
French Somaliland Djibouti
77%
Portuguese Guinea Guinea-Bissau
76%
Spanish Guinea Equatorial Guinea
70%
Spanish East Indies Philippines / Palau
68%
French Upper Volta Burkina Faso
61%
Bechuanaland Botswana
59%
Upper Peru Bolivia
57%
French Dahomey Benin
56%
French Sudan Mali
54%
Saint-Domingue Haiti
49%
Gilbert Islands Kiribati
47%
Trucial States United Arab Emirates
31%
No matching quizzes found
Score Distribution
Percent of People with Each Score
Percentile by Number Answered
Your Score History
You have not taken this quiz